00483nam a2200169Ia 450000500170000000800410001708200130005824500210007126000580009230000160015065000110016665000100017765000100018794200060019795200950020399900150029820240725022436.0240331s9999 xx 000 0 und d bASIa170 0aEthics in action aHong KongbAsian Human Rights Commission (Ahrc)c2008 aiv, 36 p ., aEthics aHuman aWomen cL 001040708LaWERCLbWERCLcSSCd2024-03-31l0o 170 ASIp6271r2024-03-31w2024-03-31yL c4769d4769